[Event "EYCC 2024 - G16"]
[Site "?"]
[Date "2024.08.24"]
[Round "3.1"]
[White "Ahn, Anastasia"]
[Black "Petrenko, Maryna"]
[Result "0-1"]
[BlackElo "2020"]
[WhiteElo "1820"]
[LiveChessVersion "1.4.8"]

1. d4 {[%clk 1:30:23]} d5 {[%clk 1:30:54]} 2. Bf4 {[%clk 1:30:44]} Nf6
{[%clk 1:31:04]} 3. e3 c5 {[%clk 1:30:50]} 4. Nf3 {[%clk 1:31:13]} Nc6
{[%clk 1:28:55]} 5. Nbd2 {[%clk 1:30:32]} cxd4 {[%clk 1:24:46]} 6. exd4
{[%clk 1:30:42]} Qb6 {[%clk 1:23:45]} 7. Nb3 {[%clk 1:18:36]} Bf5
{[%clk 1:16:55]} 8. Be2 {[%clk 1:14:37]} Nb4 {[%clk 1:12:51]} 9. Bd3
{[%clk 1:08:31]} Nxd3+ {[%clk 1:11:06]} 10. cxd3 {[%clk 1:08:53]} e6
{[%clk 1:10:59]} 11. O-O {[%clk 1:07:40]} Bd6 {[%clk 0:54:29]} 12. Ne5
{[%clk 1:04:22]} O-O {[%clk 0:53:29]} 13. Qf3 {[%clk 1:00:30]} Rfc8
{[%clk 0:43:10]} 14. Bg5 {[%clk 0:56:55]} Bxe5 {[%clk 0:37:07]} 15. dxe5
{[%clk 0:56:28]} Nd7 {[%clk 0:37:21]} 16. d4 {[%clk 0:51:12]} a5 {[%clk 0:35:57]}
17. Be7 {[%clk 0:44:07]} a4 {[%clk 0:33:22]} 18. Nc5 {[%clk 0:43:33]} Nxc5
{[%clk 0:33:13]} 19. Bxc5 {[%clk 0:42:02]} Qxb2 {[%clk 0:32:38]} 20. Qa3
{[%clk 0:39:56]} Qxa3 {[%clk 0:18:31]} 21. Bxa3 {[%clk 0:40:16]} b6
{[%clk 0:15:32]} 22. Rac1 {[%clk 0:32:20]} Bc2 {[%clk 0:15:06]} 23. Rfe1
{[%clk 0:29:38]} Rc4 {[%clk 0:14:34]} 24. Re2 {[%clk 0:28:26]} Rac8
{[%clk 0:14:48]} 25. Rd2 {[%clk 0:25:43]} f6 {[%clk 0:11:37]} 26. f4
{[%clk 0:21:58]} Kf7 {[%clk 0:10:51]} 27. Kf2 {[%clk 0:21:15]} h5
{[%clk 0:09:47]} 28. h4 {[%clk 0:19:51]} Kg6 {[%clk 0:09:48]} 29. g3
{[%clk 0:18:49]} Kf5 {[%clk 0:09:23]} 30. Bb2 {[%clk 0:14:49]} b5
{[%clk 0:06:50]} 31. a3 {[%clk 0:15:03]} Be4 {[%clk 0:06:21]} 32. Rxc4
{[%clk 0:09:52]} Rxc4 {[%clk 0:06:50]} 33. Re2 {[%clk 0:09:40]} b4
{[%clk 0:06:44]} 34. axb4 {[%clk 0:07:55]} Rxb4 {[%clk 0:07:12]} 35. Ba1
{[%clk 0:07:33]} Kg4 {[%clk 0:01:58]} 36. Re3 Rb1 {[%clk 0:02:11]} 37. Ra3
{[%clk 0:06:17]} Bc2 {[%clk 0:01:04]} 38. Bc3 {[%clk 0:05:04]} Rh1
{[%clk 0:00:37]} 39. Be1 {[%clk 0:03:31]} Rh2+ {[%clk 0:00:36]} 40. Kf1
{[%clk 0:01:48]} Bb3 {[%clk 0:00:55]} 41. Bf2 {[%clk 0:01:42]} Kf3
{[%clk 0:01:14]} 42. Bg1 {[%clk 0:01:20]} Rg2 {[%clk 0:01:18]} 43. Be3
{[%clk 0:00:46]} Rb2 {[%clk 0:01:43]} 44. Ra1 {[%clk 0:00:33]} Kxe3
{[%clk 0:02:11]} 0-1

[Event "EYCC 2024 - G16"]
[Site "?"]
[Date "2024.08.24"]
[Round "3.2"]
[White "Slusarczyk, Anna"]
[Black "Poetscher, Katharina"]
[Result "1-0"]
[BlackElo "1737"]
[WhiteElo "1997"]
[LiveChessVersion "1.4.8"]

1. d4 {[%clk 1:30:59]} Nf6 {[%clk 1:30:52]} 2. c4 {[%clk 1:31:23]} e6
{[%clk 1:31:16]} 3. Nf3 {[%clk 1:31:26]} d5 {[%clk 1:31:27]} 4. Nc3
{[%clk 1:31:02]} Bb4 {[%clk 1:31:41]} 5. a3 {[%clk 1:29:48]} Bxc3+
{[%clk 1:31:47]} 6. bxc3 {[%clk 1:30:15]} O-O {[%clk 1:31:34]} 7. cxd5
{[%clk 1:26:49]} exd5 {[%clk 1:28:12]} 8. Bg5 {[%clk 1:26:14]} Re8
{[%clk 1:22:32]} 9. e3 {[%clk 1:23:59]} Nbd7 {[%clk 1:13:40]} 10. Bd3
{[%clk 1:19:46]} c5 {[%clk 1:09:05]} 11. O-O {[%clk 1:11:56]} c4 {[%clk 1:06:44]}
12. Bf5 {[%clk 1:01:08]} Qa5 {[%clk 1:02:20]} 13. Ne5 {[%clk 0:56:21]} Qxc3
{[%clk 0:52:14]} 14. Bxd7 {[%clk 0:51:29]} Bxd7 {[%clk 0:50:00]} 15. Bxf6
{[%clk 0:51:31]} Bf5 {[%clk 0:48:10]} 16. Bh4 {[%clk 0:51:30]} f6
{[%clk 0:47:53]} 17. Nf3 {[%clk 0:49:48]} b5 {[%clk 0:47:24]} 18. Qd2
{[%clk 0:23:12]} Qxd2 {[%clk 0:45:43]} 19. Nxd2 {[%clk 0:23:36]} a5
{[%clk 0:45:52]} 20. Bg3 {[%clk 0:21:18]} b4 {[%clk 0:45:18]} 21. e4
{[%clk 0:18:32]} Bxe4 {[%clk 0:43:31]} 22. Nxe4 {[%clk 0:18:11]} dxe4
{[%clk 0:43:51]} 23. Bd6 {[%clk 0:16:25]} b3 {[%clk 0:39:57]} 24. Rac1
{[%clk 0:16:32]} Rec8 {[%clk 0:39:43]} 25. Bc5 {[%clk 0:16:43]} Rab8
{[%clk 0:39:08]} 26. Rxc4 {[%clk 0:17:01]} b2 {[%clk 0:39:28]} 27. Rb1
{[%clk 0:17:25]} Rb3 {[%clk 0:39:36]} 28. Rc2 {[%clk 0:16:45]} Rcb8
{[%clk 0:39:46]} 29. Kf1 {[%clk 0:15:41]} a4 {[%clk 0:39:17]} 30. Rc4
{[%clk 0:14:25]} Kf7 {[%clk 0:37:08]} 31. Ke2 {[%clk 0:14:33]} Ke6
{[%clk 0:37:15]} 32. Rxa4 {[%clk 0:12:14]} Rc3 {[%clk 0:37:16]} 33. Rb4
{[%clk 0:11:35]} 1-0

[Event "EYCC 2024 - G16"]
[Site "?"]
[Date "2024.08.24"]
[Round "3.3"]
[White "Sikorova, Jana"]
[Black "Omeri, Eklea"]
[Result "1-0"]
[BlackElo "1962"]
[WhiteElo "1790"]
[LiveChessVersion "1.4.8"]

1. d4 {[%clk 1:30:56]} d5 {[%clk 1:30:56]} 2. c4 {[%clk 1:31:17]} c6
{[%clk 1:31:21]} 3. Nf3 {[%clk 1:31:41]} Nf6 {[%clk 1:31:47]} 4. Nc3
{[%clk 1:31:57]} g6 {[%clk 1:32:05]} 5. cxd5 {[%clk 1:32:16]} cxd5
{[%clk 1:32:31]} 6. Qb3 {[%clk 1:32:30]} Bg7 {[%clk 1:32:02]} 7. Bg5
{[%clk 1:32:50]} e6 {[%clk 1:30:57]} 8. e3 {[%clk 1:33:11]} O-O {[%clk 1:30:13]}
9. Bd3 {[%clk 1:33:24]} h6 {[%clk 1:28:22]} 10. Bh4 {[%clk 1:33:44]} a6
{[%clk 1:28:06]} 11. O-O {[%clk 1:33:16]} g5 {[%clk 1:25:32]} 12. Bg3
{[%clk 1:33:32]} Nh5 {[%clk 1:25:15]} 13. Be5 {[%clk 1:33:43]} f5
{[%clk 1:19:18]} 14. Bxg7 {[%clk 1:32:50]} Kxg7 {[%clk 1:19:09]} 15. Ne5
{[%clk 1:28:45]} Nf6 {[%clk 1:09:07]} 16. Rac1 {[%clk 1:26:58]} Ne4
{[%clk 1:07:51]} 17. Nxe4 {[%clk 1:25:16]} fxe4 {[%clk 1:07:34]} 18. Be2
{[%clk 1:24:21]} b6 {[%clk 1:02:18]} 19. Qc3 {[%clk 1:19:37]} Ra7
{[%clk 1:00:50]} 20. Bh5 {[%clk 1:14:48]} Bd7 {[%clk 0:58:21]} 21. Rc2
{[%clk 1:08:48]} a5 {[%clk 0:51:45]} 22. Rfc1 {[%clk 1:04:13]} Na6
{[%clk 0:44:00]} 23. a3 {[%clk 1:00:28]} Rf6 {[%clk 0:36:35]} 24. Be2
{[%clk 0:54:44]} Nb8 {[%clk 0:35:40]} 25. Qb3 {[%clk 0:50:53]} Be8
{[%clk 0:28:13]} 26. Rc8 {[%clk 0:47:54]} 1-0

[Event "EYCC 2024 - G16"]
[Site "?"]
[Date "2024.08.24"]
[Round "3.4"]
[White "Haug, Mara"]
[Black "Kavanova, Anezka"]
[Result "1-0"]
[BlackElo "1726"]
[WhiteElo "1958"]
[LiveChessVersion "1.4.8"]

1. e4 {[%clk 1:30:58]} c5 {[%clk 1:30:54]} 2. Nf3 {[%clk 1:31:22]} d6
{[%clk 1:31:19]} 3. d4 {[%clk 1:31:47]} cxd4 {[%clk 1:31:45]} 4. Nxd4
{[%clk 1:32:12]} g6 {[%clk 1:32:11]} 5. Nc3 {[%clk 1:32:27]} Bg7 {[%clk 1:32:29]}
6. Be3 {[%clk 1:32:38]} Nf6 {[%clk 1:32:27]} 7. f3 {[%clk 1:32:54]} O-O
{[%clk 1:32:53]} 8. Qd2 {[%clk 1:33:16]} Nc6 {[%clk 1:33:17]} 9. O-O-O
{[%clk 1:33:34]} d5 {[%clk 1:33:39]} 10. exd5 {[%clk 1:33:44]} Nxd5
{[%clk 1:30:07]} 11. Nxc6 {[%clk 1:33:59]} bxc6 {[%clk 1:30:31]} 12. Bd4
{[%clk 1:34:22]} e5 {[%clk 1:28:30]} 13. Bc5 {[%clk 1:34:42]} Rb8
{[%clk 1:15:17]} 14. Nxd5 {[%clk 1:19:48]} cxd5 {[%clk 1:14:40]} 15. Qxd5
{[%clk 1:19:21]} Bf5 {[%clk 0:37:26]} 16. Qxd8 {[%clk 1:01:26]} Rfxd8
{[%clk 0:37:46]} 17. Ba6 {[%clk 0:53:54]} e4 {[%clk 0:12:09]} 18. Ba3
{[%clk 0:49:34]} e3 {[%clk 0:02:10]} 19. Rxd8+ {[%clk 0:47:07]} Rxd8
{[%clk 0:02:34]} 20. Rd1 {[%clk 0:46:19]} Re8 {[%clk 0:01:53]} 21. Re1
{[%clk 0:43:49]} Bh6 {[%clk 0:01:30]} 22. Re2 {[%clk 0:43:12]} Re5
{[%clk 0:00:44]} 23. Bc4 {[%clk 0:40:56]} Re8 {[%clk 0:00:43]} 24. b3
{[%clk 0:40:42]} Rd8 {[%clk 0:00:51]} 25. Bc5 {[%clk 0:39:01]} Re8
{[%clk 0:00:37]} 26. Bxa7 {[%clk 0:37:43]} 1-0

[Event "EYCC 2024 - G16"]
[Site "?"]
[Date "2024.08.24"]
[Round "3.5"]
[White "Sharova, Elyzaveta"]
[Black "Wojs, Alicja"]
[Result "0-1"]
[BlackElo "1953"]
[WhiteElo "1765"]
[LiveChessVersion "1.4.8"]

1. Nf3 {[%clk 1:30:55]} d5 {[%clk 1:30:52]} 2. g3 {[%clk 1:31:17]} Nf6
{[%clk 1:31:15]} 3. Bg2 {[%clk 1:31:29]} Bg4 {[%clk 1:31:36]} 4. O-O
{[%clk 1:31:02]} c6 {[%clk 1:31:56]} 5. d4 {[%clk 1:23:10]} Nbd7 {[%clk 1:29:30]}
6. h3 {[%clk 1:16:33]} Bh5 {[%clk 1:29:43]} 7. b3 {[%clk 1:11:56]} e6 8. c4
{[%clk 1:12:14]} Bd6 {[%clk 1:25:56]} 9. Nc3 {[%clk 1:11:46]} O-O
{[%clk 1:24:56]} 10. Re1 {[%clk 1:06:38]} Bb4 {[%clk 1:17:21]} 11. Bd2
{[%clk 1:02:17]} Qe7 {[%clk 1:14:14]} 12. Na4 {[%clk 0:56:34]} Ne4
{[%clk 1:11:03]} 13. Bxb4 {[%clk 0:55:51]} Qxb4 {[%clk 1:09:53]} 14. a3
{[%clk 0:56:08]} Qe7 {[%clk 1:09:55]} 15. Nb2 {[%clk 0:55:51]} f5
{[%clk 1:06:28]} 16. Nd3 {[%clk 0:53:59]} Rad8 {[%clk 1:04:12]} 17. Qc2
{[%clk 0:49:21]} g5 {[%clk 0:56:12]} 18. Nfe5 {[%clk 0:47:57]} Qg7
{[%clk 0:55:17]} 19. g4 {[%clk 0:40:46]} Bg6 {[%clk 0:54:33]} 20. Nxd7
{[%clk 0:33:14]} Rxd7 {[%clk 0:54:15]} 21. Ne5 {[%clk 0:32:56]} Rdd8
{[%clk 0:53:47]} 22. Bf3 {[%clk 0:31:56]} h5 {[%clk 0:46:08]} 23. Bxe4
{[%clk 0:18:44]} dxe4 {[%clk 0:45:12]} 24. e3 {[%clk 0:16:40]} hxg4
{[%clk 0:42:00]} 25. hxg4 {[%clk 0:17:05]} f4 {[%clk 0:40:58]} 26. f3
{[%clk 0:08:12]} fxe3 {[%clk 0:38:31]} 27. Nxg6 {[%clk 0:08:21]} Qxg6
{[%clk 0:38:57]} 28. Qxe4 {[%clk 0:08:29]} Qxe4 {[%clk 0:38:15]} 29. fxe4
{[%clk 0:08:58]} Rxd4 {[%clk 0:38:28]} 30. Rxe3 {[%clk 0:08:40]} Rf4
{[%clk 0:37:59]} 31. Rae1 {[%clk 0:08:58]} Rxg4+ {[%clk 0:38:18]} 32. Kf2
{[%clk 0:05:48]} Kg7 {[%clk 0:36:56]} 33. Kf3 {[%clk 0:04:24]} Rf4+
{[%clk 0:37:13]} 34. Kg3 {[%clk 0:04:52]} Kf6 {[%clk 0:35:20]} 35. e5+
{[%clk 0:02:26]} Kf5 {[%clk 0:35:35]} 36. Rh1 Rde4 {[%clk 0:33:34]} 37. Rd3
{[%clk 0:01:44]} Kxe5 {[%clk 0:33:06]} 38. Rh7 {[%clk 0:02:01]} Rg4+
{[%clk 0:32:28]} 39. Kf3 {[%clk 0:01:36]} Ref4+ {[%clk 0:32:52]} 40. Ke2
{[%clk 0:01:01]} Rg2+ {[%clk 0:32:13]} 41. Ke1 {[%clk 0:01:28]} Ke4
{[%clk 0:32:12]} 42. Rdh3 {[%clk 0:01:08]} g4 {[%clk 0:31:06]} 43. Rh1
{[%clk 0:01:15]} Rb2 {[%clk 0:30:20]} 44. Kd1 {[%clk 0:00:56]} Rff2
{[%clk 0:27:22]} 45. Re1+ {[%clk 0:00:49]} Kf3 {[%clk 0:27:51]} 46. Kc1
{[%clk 0:00:41]} Rxb3 {[%clk 0:26:52]} 47. Rxe6 {[%clk 0:00:35]} Rxa3
{[%clk 0:26:40]} 48. Rf6+ {[%clk 0:00:50]} Kg2 {[%clk 0:27:00]} 49. Rxf2+
{[%clk 0:00:44]} Kxf2 {[%clk 0:27:00]} 50. Kb2 {[%clk 0:01:08]} Rf3
{[%clk 0:27:22]} 51. c5 {[%clk 0:01:05]} g3 {[%clk 0:27:43]} 52. Ka2
{[%clk 0:01:02]} g2 {[%clk 0:28:05]} 53. Rxb7 {[%clk 0:00:54]} g1=Q
{[%clk 0:28:06]} 54. Rb2+ {[%clk 0:01:22]} Kg3 {[%clk 0:28:28]} 55. Rc2
{[%clk 0:01:42]} Rf2 {[%clk 0:28:36]} 0-1

[Event "EYCC 2024 - G16"]
[Site "?"]
[Date "2024.08.24"]
[Round "3.6"]
[White "Natoli, Alessia"]
[Black "Dominikova, Denisa"]
[Result "1-0"]
[BlackElo "1704"]
[WhiteElo "1944"]
[LiveChessVersion "1.4.8"]

1. e4 {[%clk 1:30:58]} e5 {[%clk 1:30:51]} 2. Nf3 {[%clk 1:31:21]} Nc6
{[%clk 1:31:13]} 3. Bb5 {[%clk 1:31:44]} a6 {[%clk 1:31:25]} 4. Ba4
{[%clk 1:31:56]} Nf6 {[%clk 1:31:27]} 5. O-O {[%clk 1:31:57]} Be7
{[%clk 1:31:36]} 6. Re1 {[%clk 1:31:48]} b5 {[%clk 1:31:54]} 7. Bb3
{[%clk 1:31:57]} d6 {[%clk 1:32:02]} 8. c3 {[%clk 1:31:35]} O-O {[%clk 1:32:04]}
9. h3 {[%clk 1:31:09]} Nb8 {[%clk 1:31:22]} 10. d4 {[%clk 1:28:25]} Nbd7
{[%clk 1:30:51]} 11. Nbd2 {[%clk 1:26:34]} Bb7 {[%clk 1:30:34]} 12. Bc2
{[%clk 1:22:55]} Re8 {[%clk 1:29:56]} 13. Nf1 {[%clk 1:19:34]} Bf8
{[%clk 1:28:55]} 14. Ng3 {[%clk 1:18:35]} g6 {[%clk 1:27:08]} 15. Nh2 c5
{[%clk 1:19:52]} 16. d5 {[%clk 1:09:48]} Bg7 {[%clk 1:14:05]} 17. h4
{[%clk 1:05:26]} h5 {[%clk 1:10:01]} 18. Bg5 {[%clk 1:03:06]} c4 {[%clk 1:07:13]}
19. Ngf1 {[%clk 0:57:37]} Qc7 {[%clk 1:05:04]} 20. g4 {[%clk 0:54:25]} hxg4
{[%clk 0:52:36]} 21. Nxg4 {[%clk 0:54:17]} Nh5 {[%clk 0:50:53]} 22. Ng3
{[%clk 0:49:53]} Nf4 {[%clk 0:42:49]} 23. Nh6+ {[%clk 0:41:03]} Kf8
{[%clk 0:38:52]} 24. Qf3 {[%clk 0:35:30]} Nc5 {[%clk 0:28:15]} 25. Bxf4
{[%clk 0:32:06]} exf4 {[%clk 0:28:34]} 26. Qxf4 {[%clk 0:32:11]} Nd3
{[%clk 0:26:37]} 27. Bxd3 {[%clk 0:32:25]} cxd3 {[%clk 0:26:57]} 28. h5
{[%clk 0:26:42]} Be5 {[%clk 0:20:32]} 29. Qf3 {[%clk 0:26:10]} Bxg3
{[%clk 0:17:52]} 30. fxg3 {[%clk 0:25:12]} d2 {[%clk 0:14:47]} 31. Rf1
{[%clk 0:22:36]} Kg7 {[%clk 0:14:36]} 32. Nxf7 {[%clk 0:21:30]} Qe7
{[%clk 0:12:35]} 33. Qf4 {[%clk 0:21:08]} g5 {[%clk 0:09:01]} 34. Qf5
{[%clk 0:19:50]} Rg8 {[%clk 0:06:24]} 35. Qg6+ {[%clk 0:20:02]} Kf8
{[%clk 0:06:44]} 36. Nxd6+ {[%clk 0:20:25]} 1-0

[Event "EYCC 2024 - G16"]
[Site "?"]
[Date "2024.08.24"]
[Round "3.7"]
[White "Vermeulen, Hailey"]
[Black "Rasheva, Nora"]
[Result "1-0"]
[BlackElo "1942"]
[WhiteElo "1731"]
[LiveChessVersion "1.4.8"]

1. e4 {[%clk 1:30:56]} c6 {[%clk 1:30:49]} 2. Nc3 {[%clk 1:31:13]} d5
{[%clk 1:31:14]} 3. Nf3 {[%clk 1:31:33]} Bg4 {[%clk 1:30:44]} 4. h3
{[%clk 1:31:44]} Bxf3 {[%clk 1:31:10]} 5. Qxf3 {[%clk 1:32:05]} Nf6
{[%clk 1:30:39]} 6. d4 {[%clk 1:32:06]} dxe4 {[%clk 1:24:42]} 7. Qe3
{[%clk 1:31:53]} Nd5 {[%clk 1:15:21]} 8. Qxe4 {[%clk 1:29:51]} Nxc3
{[%clk 1:15:39]} 9. bxc3 {[%clk 1:30:13]} e6 {[%clk 1:15:00]} 10. Bd3
{[%clk 1:26:57]} Nd7 {[%clk 1:13:21]} 11. Rb1 {[%clk 1:25:32]} Nf6
{[%clk 1:13:43]} 12. Qf3 {[%clk 1:25:44]} Qd7 {[%clk 1:13:31]} 13. O-O
{[%clk 1:25:00]} Bd6 {[%clk 1:12:29]} 14. c4 {[%clk 1:18:50]} Rd8
{[%clk 0:59:00]} 15. Re1 {[%clk 1:14:45]} Kf8 {[%clk 0:58:37]} 16. Bb2
{[%clk 1:08:55]} Be7 {[%clk 0:58:07]} 17. Bc3 {[%clk 1:03:53]} h5
{[%clk 0:54:02]} 18. Qe3 {[%clk 1:01:26]} b6 {[%clk 0:52:06]} 19. a4
{[%clk 0:54:23]} c5 {[%clk 0:50:15]} 20. d5 {[%clk 0:52:38]} exd5
{[%clk 0:42:08]} 21. Bf5 {[%clk 0:49:09]} d4 {[%clk 0:41:32]} 22. Qf3
{[%clk 0:48:18]} Qc7 {[%clk 0:38:09]} 23. Bd2 {[%clk 0:46:41]} g6
{[%clk 0:36:39]} 24. Bf4 {[%clk 0:39:59]} Bd6 {[%clk 0:27:32]} 25. Bg5
{[%clk 0:39:38]} Be7 {[%clk 0:12:36]} 26. Bxg6 {[%clk 0:37:55]} Rd6
{[%clk 0:06:22]} 27. Bf5 {[%clk 0:34:46]} Qc6 {[%clk 0:03:33]} 28. Qe2
{[%clk 0:27:37]} Qb7 {[%clk 0:03:11]} 29. Bf4 {[%clk 0:26:30]} Rd8
{[%clk 0:03:22]} 30. a5 {[%clk 0:23:12]} Rg8 {[%clk 0:02:31]} 31. Bh6+
{[%clk 0:23:05]} Ke8 {[%clk 0:03:01]} 32. f3 {[%clk 0:23:01]} Rd6
{[%clk 0:02:46]} 33. a6 {[%clk 0:23:12]} Qc7 {[%clk 0:02:51]} 34. Bf4
{[%clk 0:23:16]} h4 {[%clk 0:02:43]} 35. Bxd6 {[%clk 0:22:50]} Qxd6
{[%clk 0:03:09]} 36. Rxb6 {[%clk 0:21:16]} Rxg2+ {[%clk 0:01:18]} 37. Kxg2
{[%clk 0:19:15]} axb6 {[%clk 0:00:48]} 38. Qxe7+ {[%clk 0:19:05]} 1-0

[Event "EYCC 2024 - G16"]
[Site "?"]
[Date "2024.08.24"]
[Round "3.8"]
[White "Kotliar, Anfisa"]
[Black "Karacsonyi, Luca"]
[Result "0-1"]
[BlackElo "1914"]
[WhiteElo "1724"]
[LiveChessVersion "1.4.8"]

1. e4 {[%clk 1:30:59]} c5 {[%clk 1:30:54]} 2. Nc3 {[%clk 1:31:22]} Nc6
{[%clk 1:31:18]} 3. f4 {[%clk 1:31:43]} g6 {[%clk 1:31:38]} 4. g3
{[%clk 1:31:55]} Bg7 {[%clk 1:31:55]} 5. Bg2 {[%clk 1:32:04]} e6 {[%clk 1:31:36]}
6. d3 {[%clk 1:31:13]} Nge7 {[%clk 1:30:55]} 7. Nf3 {[%clk 1:31:02]} O-O
{[%clk 1:29:49]} 8. O-O {[%clk 1:31:01]} d6 {[%clk 1:29:29]} 9. Ne2
{[%clk 1:30:17]} Nd4 {[%clk 1:24:42]} 10. c3 {[%clk 1:27:57]} Nxf3+
{[%clk 1:12:08]} 11. Bxf3 {[%clk 1:26:37]} d5 {[%clk 1:07:06]} 12. Be3
{[%clk 1:12:35]} d4 {[%clk 1:02:24]} 13. Bf2 {[%clk 1:06:00]} e5 {[%clk 0:58:05]}
14. g4 {[%clk 0:52:34]} exf4 {[%clk 0:43:41]} 15. cxd4 {[%clk 0:43:07]} cxd4
{[%clk 0:41:05]} 16. Nxf4 {[%clk 0:41:01]} Be5 {[%clk 0:33:52]} 17. Qd2
{[%clk 0:34:10]} f5 {[%clk 0:27:30]} 18. gxf5 {[%clk 0:10:53]} gxf5
{[%clk 0:24:36]} 19. Bh4 {[%clk 0:07:51]} Bxf4 {[%clk 0:17:03]} 20. Qxf4
{[%clk 0:07:51]} Ng6 {[%clk 0:14:32]} 21. Bxd8 {[%clk 0:06:31]} Nxf4
{[%clk 0:14:54]} 22. Be7 {[%clk 0:05:58]} Re8 {[%clk 0:12:12]} 23. Bf6
{[%clk 0:04:20]} Nxd3 {[%clk 0:11:38]} 24. exf5 {[%clk 0:02:37]} Nf4
{[%clk 0:06:09]} 25. Bd1 {[%clk 0:00:48]} Ne2+ {[%clk 0:03:37]} 26. Kf2
{[%clk 0:00:41]} d3 {[%clk 0:02:37]} 27. Bb3+ {[%clk 0:00:50]} Kf8
{[%clk 0:03:02]} 28. Rg1 {[%clk 0:00:46]} Nxg1 {[%clk 0:02:58]} 29. Rxg1
{[%clk 0:01:09]} Re2+ {[%clk 0:03:06]} 30. Kf3 {[%clk 0:01:09]} Ke8
{[%clk 0:03:20]} 31. Rg8+ {[%clk 0:00:35]} Kd7 {[%clk 0:03:44]} 32. Be6+
{[%clk 0:00:42]} Kc7 {[%clk 0:03:03]} 33. Bd8+ {[%clk 0:00:35]} Kc6
{[%clk 0:02:50]} 34. Bg5 {[%clk 0:00:38]} Bxe6 {[%clk 0:02:38]} 35. Rxa8
{[%clk 0:00:46]} Bd5+ {[%clk 0:02:54]} 36. Kg4 {[%clk 0:00:33]} Rg2+
{[%clk 0:02:52]} 37. Kf4 {[%clk 0:00:35]} d2 {[%clk 0:03:01]} 38. Rc8+
{[%clk 0:00:41]} Kb6 {[%clk 0:03:02]} 39. f6 {[%clk 0:00:32]} d1=Q
{[%clk 0:03:11]} 40. Rd8 {[%clk 0:00:36]} Qf3+ {[%clk 0:03:22]} 41. Ke5
{[%clk 0:00:55]} Qe4+ {[%clk 0:03:43]} 0-1

[Event "EYCC 2024 - G16"]
[Site "?"]
[Date "2024.08.24"]
[Round "3.9"]
[White "Nordahl, Christine"]
[Black "Vujatovic, Irina"]
[Result "1/2-1/2"]
[BlackElo "1913"]
[WhiteElo "1717"]
[LiveChessVersion "1.4.8"]

1. d4 {[%clk 1:30:53]} d5 {[%clk 1:30:55]} 2. c4 {[%clk 1:30:52]} e6
{[%clk 1:31:15]} 3. Nc3 {[%clk 1:30:53]} Nf6 {[%clk 1:31:37]} 4. cxd5
{[%clk 1:30:22]} exd5 {[%clk 1:31:58]} 5. Bg5 {[%clk 1:30:16]} c6
{[%clk 1:32:22]} 6. e3 {[%clk 1:29:56]} Bf5 {[%clk 1:32:42]} 7. Qf3
{[%clk 1:29:51]} Bg6 {[%clk 1:33:08]} 8. Bxf6 {[%clk 1:29:31]} Qxf6
{[%clk 1:33:28]} 9. Qxf6 {[%clk 1:29:44]} gxf6 {[%clk 1:33:51]} 10. Nf3
{[%clk 1:28:42]} Bd6 {[%clk 1:33:05]} 11. Nh4 {[%clk 1:25:33]} Nd7
{[%clk 1:32:35]} 12. Ne2 {[%clk 1:16:15]} Bb4+ {[%clk 1:29:40]} 13. Kd1
{[%clk 1:13:13]} a5 {[%clk 1:29:23]} 14. Ng3 {[%clk 1:09:53]} h6 {[%clk 1:24:24]}
15. Be2 {[%clk 1:05:42]} Rc8 {[%clk 1:22:32]} 16. Rc1 {[%clk 0:58:43]} Rc7
{[%clk 1:17:57]} 17. Bg4 {[%clk 0:54:47]} Rg8 {[%clk 1:13:03]} 18. Bf5
{[%clk 0:52:13]} a4 {[%clk 1:11:21]} 19. Ke2 {[%clk 0:47:28]} Nb6
{[%clk 1:03:11]} 20. b3 {[%clk 0:43:24]} axb3 {[%clk 0:52:58]} 21. axb3
{[%clk 0:43:43]} Kf8 {[%clk 0:51:59]} 22. Ra1 {[%clk 0:40:36]} Kg7
{[%clk 0:51:34]} 23. Nf3 {[%clk 0:39:06]} Bd6 {[%clk 0:46:11]} 24. Bd3
{[%clk 0:34:46]} Kh7 {[%clk 0:41:01]} 25. Nh4 {[%clk 0:29:43]} Bxd3+
{[%clk 0:39:57]} 26. Kxd3 {[%clk 0:29:41]} Rgc8 {[%clk 0:39:48]} 27. Rhc1
{[%clk 0:25:10]} Nd7 {[%clk 0:32:24]} 28. Nhf5 {[%clk 0:19:32]} Bf8
{[%clk 0:31:06]} 29. Ke2 {[%clk 0:19:04]} Nb6 {[%clk 0:25:51]} 30. Ra7
{[%clk 0:16:20]} Nd7 {[%clk 0:21:31]} 31. Raa1 {[%clk 0:13:46]} c5
{[%clk 0:15:59]} 32. dxc5 {[%clk 0:13:04]} Rxc5 {[%clk 0:15:27]} 33. Rxc5
{[%clk 0:13:18]} Nxc5 {[%clk 0:14:41]} 34. Nd4 {[%clk 0:12:41]} Bd6
{[%clk 0:11:46]} 35. Ngf5 {[%clk 0:12:02]} Bf8 {[%clk 0:10:31]} 36. Ra7
{[%clk 0:11:48]} Rb8 {[%clk 0:09:18]} 37. h3 {[%clk 0:09:37]} Na6
{[%clk 0:06:21]} 38. b4 {[%clk 0:09:02]} Bxb4 {[%clk 0:05:43]} 39. Nb3
{[%clk 0:09:26]} Kg6 {[%clk 0:05:10]} 40. g4 {[%clk 0:09:14]} Ba3
{[%clk 0:02:00]} 41. Kd3 {[%clk 0:08:52]} Bc5 {[%clk 0:01:10]} 42. Nxc5
{[%clk 0:08:59]} Nxc5+ {[%clk 0:01:35]} 43. Kd4 {[%clk 0:09:17]} Ne4
{[%clk 0:01:30]} 44. f3 {[%clk 0:08:29]} Ng5 {[%clk 0:01:41]} 45. f4
{[%clk 0:08:34]} Nxh3 {[%clk 0:01:52]} 46. Kxd5 {[%clk 0:08:55]} Nf2
{[%clk 0:01:53]} 47. Nd6 {[%clk 0:05:05]} Nxg4 {[%clk 0:02:04]} 48. e4
{[%clk 0:05:20]} h5 {[%clk 0:02:13]} 49. f5+ {[%clk 0:04:27]} Kg7
{[%clk 0:02:28]} 50. Nxb7 {[%clk 0:04:05]} h4 {[%clk 0:02:42]} 51. Ra1
{[%clk 0:02:19]} Rxb7 {[%clk 0:00:53]} 52. Rg1 {[%clk 0:02:41]} Kh6
{[%clk 0:01:04]} 53. Rxg4 {[%clk 0:03:02]} Kh5 {[%clk 0:01:28]} 54. Rg1
{[%clk 0:03:25]} Re7 {[%clk 0:01:24]} 55. Kd4 {[%clk 0:03:29]} h3
{[%clk 0:01:32]} 56. Ke3 {[%clk 0:03:29]} Ra7 {[%clk 0:01:08]} 57. Kf4
{[%clk 0:02:54]} Ra2 {[%clk 0:00:41]} 58. Rg8 {[%clk 0:03:01]} Rf2+
{[%clk 0:00:40]} 59. Ke3 {[%clk 0:03:17]} Rf1 {[%clk 0:00:44]} 60. Ke2
{[%clk 0:02:21]} Ra1 {[%clk 0:00:36]} 61. Kf3 Rf1+ {[%clk 0:00:39]} 62. Ke2
{[%clk 0:02:50]} Ra1 {[%clk 0:01:05]} 63. Kf3 {[%clk 0:03:14]} h2
{[%clk 0:00:58]} 64. Rh8+ {[%clk 0:03:31]} Kg5 {[%clk 0:01:22]} 65. Rg8+
{[%clk 0:03:21]} Kh6 {[%clk 0:01:29]} 66. Rh8+ {[%clk 0:03:45]} Kg7
{[%clk 0:01:54]} 67. Rxh2 {[%clk 0:04:11]} Kf8 {[%clk 0:02:05]} 68. Rb2
{[%clk 0:04:30]} Re1 {[%clk 0:01:40]} 69. Rb7 {[%clk 0:04:44]} Kg7
{[%clk 0:02:00]} 70. Kf4 {[%clk 0:04:57]} Rd1 {[%clk 0:02:10]} 71. Ra7
{[%clk 0:05:07]} 1/2-1/2